Divide or conquer : (Record no. 362896)
[ view plain ]
| 000 -LEADER | |
|---|---|
| fixed length control field | 00514nam a2200145Ia 4500 |
| 008 - FIXED-LENGTH DATA ELEMENTS--GENERAL INFORMATION | |
| fixed length control field | 200110s9999 xx 000 0 und d |
| 020 ## - INTERNATIONAL STANDARD BOOK NUMBER | |
| International Standard Book Number | 978-1-59184-204-0 |
| 100 ## - MAIN ENTRY--PERSONAL NAME | |
| Personal name | Smith, Diana McLain |
| 245 ## - TITLE STATEMENT | |
| Statement of responsibility, etc | Diana McLain Smith.-- |
| Title | Divide or conquer : |
| Remainder of title | how great teams turn conflict into strength / |
| 260 ## - PUBLICATION, DISTRIBUTION, ETC. (IMPRINT) | |
| Place of publication, distribution, etc | New York : |
| Name of publisher, distributor, etc | Portfolio |
| Date of publication, distribution, etc | 2008 |
| 300 ## - PHYSICAL DESCRIPTION | |
| Extent | x, 290 pages |
| Dimensions | 23.5 cm. |
| 500 ## - GENERAL NOTE | |
| General note | Includes appendices, bibliography and index. |
| 650 ## - SUBJECT ADDED ENTRY--TOPICAL TERM | |
| Topical term or geographic name as entry element | Interpersonal relations. |
| 650 ## - SUBJECT ADDED ENTRY--TOPICAL TERM | |
| Topical term or geographic name as entry element | Teams in the workplace. |
| Withdrawn status | Lost status | Damaged status | Home library | Current library | Shelving location | Date acquired | Total Checkouts | Full call number | Barcode | Date last seen | Price effective from | Koha item type |
|---|---|---|---|---|---|---|---|---|---|---|---|---|
| Southville International School Affiliated with Foreign Universities Library | Southville International School Affiliated with Foreign Universities Library | Southville Foreign University Section | 01/10/2020 | HD 66 .S65 2008 | SFU1580 | 01/10/2020 | 01/10/2020 | Books |